• 首页
  • 本馆介绍
  • 公告通知
  • 最新文献
  • 馆藏检索
  • 电子资源
  • 读者导购
  • 参考咨询
  • 我的图书馆
  • 登录
  • 详细信息显示
  • 放入我的书架
  • 预约/预借图书
  • 作者相关作品
  • 分类相关作品
  • 丛书相关作品
  • 出版社相关作品

书目信息

  • 表格格式
  • 工作单格式
  • 卡片格式
题名:
中国期货市场运行机制
    
 
作者: 童宛生 , 李经谋
分册:  
出版信息: 北京   中国财政经济出版社  1997
页数: 333
开本: 20cm
丛书名: 期货市场研究丛书
单 册:
中图分类: F724.5
科图分类:
主题词: 商业经济--中国
电子资源:
ISBN: 7-5005-3461-2
000 00666nam0 2200217 450
001 0760515518
005 20070817164835.51
010    @a7-5005-3461-2@d¥25.00
100    @a20070817d km y0chiy0120 ea
101 0  @achi
200 1  @a中国期货市场运行机制@Azhong guo qi huo shi chang yun xing ji zhi@f李经谋,童宛生@Fli jing mou,tong wan sheng
210    @a北京@c中国财政经济出版社@d1997
215    @a333@d20cm
225 2  @a期货市场研究丛书
410  0 @12001 @a期货市场研究丛书
606 0  @a商业经济@x中国
690    @aF724.5@v3
701  0 @a童宛生@Atong wan sheng
701  0 @a李经谋@Ali jing mou
801  0 @aCN@bPFT@c20070817
905    @a213230@dF724.5@eg64@f1
    
    中国期货市场运行机制/李经谋,童宛生.-北京:中国财政经济出版社,1997
    333;20cm.-(期货市场研究丛书)
    
    
    ISBN 7-5005-3461-2:¥25.00
    
●
相关链接 在E读中查询图书 在五车中查询图书 在当当中查询图书 在豆瓣中查询图书


正题名:中国期货市场运行机制     索取号:F724.5/g64         预约/预借

序号 登录号 条形码 馆藏地/架位号 状态 备注
1 6502325   265023253   密集书库-海洋学院/ [索取号:F724.5/g64] 在馆    
唐山师范学院图书馆 欢迎您!
大连网信软件有限公司© 版权所有